| 000 | 00501 a2200181 4500 | ||
|---|---|---|---|
| 005 | 20260212114200.0 | ||
| 008 | 260211b |||||||| |||| 00| 0 eng d | ||
| 020 |
_a9788126918249 _cRs. 595.00 |
||
| 040 | _aMAIN | ||
| 082 |
_a320.5 _bA63U |
||
| 100 | _aAtlantic Research Division | ||
| 245 | _aUnderstanding political theory | ||
| 260 |
_bAtlantic Publishers and Distributors _c2023 _aNew Delhi |
||
| 300 | _avii, 296 | ||
| 650 | _aPolitical Science | ||
| 650 | _aPolitical Theory | ||
| 942 | _cBK | ||
| 999 |
_c395051 _d395051 |
||